Le Tarn en images - Statistiques

Statistiques générales
  • Ce quiz a été pris 109 fois
  • Le résultat moyen est 9 sur 18
Statistiques - réponses
Par images Hint Réponse % Correct
Ville Albi
98%
Homme politique Jean Jaurès
78%
Symbole républicain Marianne
78%
Peintre Toulouse-Lautrec
77%
Club de rugby Castres Olympique
73%
Village Cordes-sur-Ciel
71%
Vignoble Gaillac
67%
Joueur de rugby Thomas Ramos
66%
Massif Montagne noire
54%
Cycliste Laurent Jalabert
53%
Curiosité géologique Le Sidobre
40%
Explorateur Lapérouse
35%
Race ovine (aussi nom d'une ville) Lacaune
30%
Ouvrage d'art Viaduc du Viaur
23%
Chocolatier Yves Thuriès
22%
Plante Pastel
11%
Monument Cathédrale Ste-Cécile d'Albi
10%
Biscuit Janot à l'anis
10%
Aucun quiz correspondant
Distribution des résultats
% des personnes avec chaque résultat
Percentile par nombre de réponses
Votre historique - résultats
Vous n’avez pas pris ce quiz